00301nam a2200133Ia 45000030006000000080041000060400015000471000018000622450021000802600033001013000006001345460010001400050017001500STCL150530s9999 xx 000 0 und d aSTCLcSTCL aDavid Webster aBoodhi Ke Prayog bMcmillan; Delhic1966aDelhi a0 aHindi20220125171325.0